000 00975nam a22002897a 4500
003 CHAP
005 20220817042530.0
008 971013s1983 r 00010 d
010 _a47390
011 _a48362
035 _a52507
040 _cCHAP
090 _aFolleto 10194
100 0 0 _aVan Der Maesen, L. J. G.
_9117731
245 _aWorld distribution of pigeonpea
_b: based on herbarium study, literature and statistics...
260 _aPatancheru, India :
_bInternational Crops Research Institute for the Semi Arid Tropics,
_c1983
300 _a40 p.
_b; mapas
490 _aInformation bulletin
_v; 14
590 _aBATCH-UPD
_b10
_c20130110
_lUCH01
_h1450
590 _aCONVERSION
_b10
_c20130109
_lUCH01
_h1326
650 1 4 _aCajanus indicus.
830 0 _aInformation bulletin
_v; 14
_958099
901 _aBK
942 _cFOLL
949 _aFolleto 10194
_bBC
_cFOLL
_d-116939
_eTS1
_i52507
_mD
_si
949 _aFolleto 10194
_bBC
_cFOLL
_d-116940
_eTS2
_fc.2
_i52507
_si
999 _c47390
_d47390